00554 2200217 4500001002100000005001500021035002000036007000300056008004100059020002200100082001000122084001600132100001800148245004000166260003100206300003400237700001500271700002200286700001100308700001700319INLIS00000000000031320260114111813 a0010-0126000006ta260114 0 ind  a978-623-522-032-1 a381.3 a381.3 NUR p0 aNuryati, puji1 aPengelolaan Bisnis Retail Kelas XII aJakarta :bErlangga,c2024 ax + 269 hlm. ;c17,5 x 25 cm.0 aHarti, dwi0 aMargianti, niniek0 aSutadi0 aBaroroh, umi